Reving a rural industry Silk producers and officials in India and Bangladesh (Record no. 691690)

MARC details
000 -LEADER
fixed length control field 00838nam a2200265Ia 4500
003 - CONTROL NUMBER IDENTIFIER
control field OSt
005 - DATE AND TIME OF LATEST TRANSACTION
control field 20220927105313.0
008 - FIXED-LENGTH DATA ELEMENTS--GENERAL INFORMATION
fixed length control field 220926b |||||||| |||| 00| 0 eng d
020 ## - INTERNATIONAL STANDARD BOOK NUMBER
International Standard Book Number 9840512755
037 ## - SOURCE OF ACQUISITION
Terms of availability Reference Collections
040 ## - CATALOGING SOURCE
Original cataloging agency RTL
Transcribing agency RTL
Language of cataloging eng
041 ## - LANGUAGE CODE
Source of code eng
Language code of text/sound track or separate title eng
100 ## - MAIN ENTRY--PERSONAL NAME
Personal name VAN SCHENDEL Willem
9 (RLIN) 371541
245 #0 - TITLE STATEMENT
Title Reving a rural industry Silk producers and officials in India and Bangladesh
260 ## - PUBLICATION, DISTRIBUTION, ETC.
Place of publication, distribution, etc. Dhaka
Name of publisher, distributor, etc. University Press
Date of publication, distribution, etc. 1995
300 ## - PHYSICAL DESCRIPTION
Extent 249p
Dimensions cm.
500 ## - GENERAL NOTE
General note Bibliography P 237-246; Appendix P 228-231; Glossary P 4-7
650 ## - SUBJECT ADDED ENTRY--TOPICAL TERM
Topical term or geographic name entry element INDUSTRIES
942 ## - ADDED ENTRY ELEMENTS (KOHA)
Classification part "X9(M7;3):2.20a44Q71, N5"
Koha item type
Holdings
Withdrawn status Lost status Damaged status Not for loan Home library Current library Date acquired Total Checkouts Full call number Barcode Date last seen Price effective from Koha item type
        Ratan Tata Library Ratan Tata Library 2022-09-27   "X9(M7;3):2.20a44Q71 N5" RT1329514 2022-09-27 2022-09-27  
Copyright @ Delhi University Library System